Fritz Kochers Aufsatze. : Geschichten. Aufsatze /

Bibliographic Details
Main Author: Walser, Robert, 1878-1956
Format: Book
Language:German
Published: Genf, Hamburg : Kossodo, (1972)
Series:Walser, Robert, 1878-1956. Gesamtwerk ; Bd. 1.

MARC

Tag First Indicator Second Indicator Subfields
LEADER 00000cam a2200000 4500
001 in00000151821
005 20151008071539.0
008 740313s1972 sz b 00000 ger d
010 |a  73326531  
015 |a Sw72-A-4201 
035 |a (OCoLC)00829997 
035 |9 AAS4802AM 
040 |a OBE  |c OBE  |d TXA  |d UtOrBLW 
049 |a TXAM  |c [1234628] 
050 0 |a PT2647.A64  |b F7 1972 
100 1 |a Walser, Robert,  |d 1878-1956. 
245 1 0 |a Fritz Kochers Aufsatze. :  |b Geschichten. Aufsatze /  |c Hrsg. von Jochen Greven. 
264 1 |a Genf,  |a Hamburg :  |b Kossodo,  |c (1972) 
300 |a 403 pages ;  |c 20 cm. 
336 |a text  |b txt  |2 rdacontent 
337 |a unmediated  |b n  |2 rdamedia 
338 |a volume  |b nc  |2 rdacarrier 
490 1 |a His Das Gesamtwerk, Bd. l 
504 |a Includes bibliographical references. 
800 1 |a Walser, Robert,  |d 1878-1956.  |t Gesamtwerk ;  |v Bd. 1. 
999 |a MARS 
999 f f |s 089cf634-a6b4-3acd-af28-5984faed96f6  |i bcfc0c72-7d8d-31b1-b62d-4388e6f0745d  |t 0 
952 f f |p ric  |a Texas A&M University  |b Rellis Campus  |c Joint Library Facility  |d Remote Storage  |t 0  |e PT2647.A64 F7 1972  |h Library of Congress classification  |i unmediated -- volume  |m A14804176428 
998 f f |a PT2647.A64 F7 1972  |t 0  |l Remote Storage